03029nam a2200337 a 4500001001400000003000700014005001700021006001900038007000600057008004100063010001700104015001900121016001800140020001800158040009200176041000800268050002200276100002800298245014900326260004900475300004100524504005100565505047800616520143301094650002202527650002902549650003202578700002602610700002802636700002702664ssj0000482228WaSeSS20250121162118.0m d cr n091005s2010 maua sb 001 0 eng d a 2009039154 aGBA9A89832bnb7 a0154154022Uk a9781422147597 aDLCbengcDLCdBTCTAdUKMdYDXCPdC#PdBWXdCDXdDEBBGdOCLdVP@dOCLdSNKdDLCdWaSeSS aeng00aHD70.I4bI53 2010 aCappelli, Petereauthor04aThe India wayb: how India's top business leaders are revolutionizing managementc/ Peter Cappelli, Harbir Singh, Jitendra Singh, Michael Useem. aBoston, MA :bHarvard Business Press,c2010. a332 pages :billustrations ;c25 cm. aIncludes bibliographical references and index.0 aIndian business rising : the contemporary Indian way of conducting business — The way to the India way : economic reform drive development of new capabilities — Managing people : holistic engagement of employees — Leading the enterprise : improvisation and adaptability — Competitive advantage : delivering the creative value proposition — Company governance : fulfilling broad mission and purpose — Learning from the India way : redefining business leadership.1 aOver the last two decades, many of India's leading companies have been achieving double-digit growth - even in the midst of a global recession. Understanding what is driving the Indian business juggernaut is an imperative no manager - in any part of the world - can afford to ignore. In this timely book, professors Peter Cappelli, Harbir Singh, Jitendra Singh, and Michael Useem of the Wharton School India Team reveal the secrets of India's top-performing companies: an innovative, unconventional, and exportable set of management principles they call the "India Way." The authors argue that the India Way could have the same remarkable impact that Japanese business leaders and the "Toyota Way" had on manufacturing around the world: it could change the practice - and purpose - of management on a global scale. Drawing on interviews with more than one hundred top executives from India's largest corporations - including Infosys Technologies, Reliance Industries, and Tata Sons - the authors reveal how the India Way differs from Western management practice in how organizations manage and value employees; transcend barriers through improvisation; create compelling value propositions that serve a massive, underprivileged market; govern for the long term; and make social issues a business priority. The authors identify how managers in other countries can learn from these practices and adapt them in their own companies. 0aManagementzIndia 0aCorporate culturezIndia 0aCorporate GovernancezIndia aSingh, Harbireauthor aSingh, Jitendraeauthor aUseem, Michaeleauthor